000 00704nam a2200253Ia 4500
003 OSt
005 20220928124047.0
006 a|||||r|||| 00| 0
007 ta
008 220927b |||||||| |||| 00| 0 eng d
024 _a74694
037 _cTextual
040 _aSDCL
_cSDCL
_beng
041 _2eng
_aeng
082 _aB316, N8
100 _aArnold Vladimir I
_9463230
245 0 _aTopological matholds in hydrodynamics
260 _aBerlin
_bSpringer
_c1998
300 _axv,374p
_ccm.
490 _aApplied mathematical sciences.125
700 _a Khesin Boris A
_9463231
942 _hB316, N8
_cTEXL
_2CC
999 _c776163
_d776163